000
00259nam a22000977a 4500
999
_c
11755
_d
11755
008
200114b ||||| |||| 00| 0 eng d
020
_a
0590426036
100
_a
Depaola Tomie
_9
7441
245
_a
The Legend of The Bluebonnet
260
_a
New York
_b
Scholastic
_c
1989